000 00215nam a2200085Ia 4500
008 120527s9999 xx 000 0 und d
100 _aNat.Extension College.
245 _aIntroduction to word processing.
942 _cBK
999 _c23804
_d23804